000
00315nam a22001337a 4500
008
170928b xxu||||| |||| 00| 0 eng d
020
_a
9780205737406
041
_a
eng
080
_2
9 ED
_a
37
100
_a
47
101
_a
EDU
245
_a
EFFICIENT AND FLEXIBLE READING
_c
MCWHORTER.K.T
942
_2
udc
_c
BK
999
_c
30500
_d
30500